[Event "Las Vegas Millionaire op"]
[Site "Las Vegas"]
[Date "2014.10.13"]
[Round "9"]
[White "Ashwin, Jayaram"]
[Black "Inants, Aghasi"]
[Result "0-1"]
[WhiteElo "2468"]
[BlackElo "2305"]
[PlyCount "95"]
[EventDate "2014.10.09"]
[EventType "swiss"]
[EventRounds "9"]
[EventCountry "USA"]
[SourceTitle "CBM 162 Extra"]
[Source "ChessBase"]
[SourceDate "2014.10.17"]
[SourceVersion "1"]
[SourceVersionDate "2014.10.17"]
[SourceQuality "1"]

1. d4 Nf6 2. c4 e6 3. Nc3 c5 4. d5 exd5 5. cxd5 Bd6 6. g3 0-0 7. Bg2 Bc7 8. d6 Ba5 9. Nh3 Nc6 10. 0-0 h6 11. f4 Re8 12. Nf2 b5 13. Nxb5 Ba6 14. a4 Nd4 15. e3 Nc6 16. e4 Rb8 17. Bd2 Nd4 18. Bc3 Bxc3 19. bxc3 Nxb5 20. axb5 Bxb5 21. Re1 Qb6 22. e5 Nh7 23. Bd5 Bc6 24. Bxc6 dxc6 25. Qd3 a5 26. f5 Nf8 27. Rab1 Rxe5 28. d7 Rxe1+ 29. Rxe1 Rd8 30. Re7 Qb7 31. Re8 Rxd7 32. Qe4 Qc7 33. f6 Rd8 34. Qg4 g6 35. Re1 Nh7 36. Qh4 Qd6 37. Ng4 h5 38. Nh6+ Kf8 39. Qc4 Rd7 40. Qa6 Nxf6 41. Qe2 Re7 42. Qf2 Rxe1+ 43. Qxe1 Kg7 44. Qe3 Qe6 45. Qg5 Qe1+ 46. Kg2 Qe2+ 47. Kh3 Qe6+ 48. Kh4 0-1

[Event "Moscow Aeroflot op-B 11th"]
[Site "Moscow"]
[Date "2012.02.09"]
[Round "3"]
[White "Arabidze, Meri"]
[Black "Inants, Aghasi"]
[Result "1/2-1/2"]
[WhiteElo "2358"]
[BlackElo "2347"]
[PlyCount "102"]
[EventDate "2012.02.07"]
[EventType "swiss"]
[EventRounds "9"]
[EventCountry "RUS"]
[SourceTitle "CBM 146 Extra"]
[Source "ChessBase"]
[SourceDate "2012.02.29"]
[SourceVersion "1"]
[SourceVersionDate "2012.02.29"]
[SourceQuality "1"]

1. d4 Nf6 2. c4 c5 3. d5 e6 4. Nc3 exd5 5. cxd5 Bd6 6. Nf3 0-0 7. Bg5 Re8 8. e3 a6 9. a4 Bf8 10. Be2 d6 11. 0-0 Nbd7 12. Nd2 Rb8 13. h3 Ne5 14. a5 h6 15. Bh4 g5 16. Bg3 Bg7 17. Qc2 Nfd7 18. f4 Ng6 19. Nc4 gxf4 20. exf4 Bd4+ 21. Kh1 Nf6 22. Bf3 Ne7 23. Ne2 Bf5 24. Qd1 Ne4 25. Bh4 Bf6 26. Bxf6 Nxf6 27. Ng3 Qd7 28. Kh2 Bg6 29. b4 Nf5 30. bxc5 dxc5 31. Bg4 Nxg4+ 32. Qxg4 Qxd5 33. Nxf5 Qxf5 34. Qxf5 Bxf5 35. Nd6 Bd3 36. Rf3 c4 37. Nxe8 Rxe8 38. Rg3+ Kh7 39. Ra4 Rc8 40. Ra1 Re8 41. Ra4 Rc8 42. Re3 c3 43. Ra1 c2 44. Rc1 Rd8 45. g4 f5 46. Re7+ Kg6 47. Rxb7 Be4 48. Rc7 Rd2+ 49. Kg3 Rd3+ 50. Kh2 Rd2+ 51. Kg3 Rd3+ 1/2-1/2

[Event "Moscow Aeroflot op-B 11th"]
[Site "Moscow"]
[Date "2012.02.08"]
[Round "2"]
[White "Inants, Aghasi"]
[Black "Obolenskikh, Dmitry Aleksandrovi"]
[Result "0-1"]
[WhiteElo "2347"]
[BlackElo "2510"]
[PlyCount "66"]
[EventDate "2012.02.07"]
[EventType "swiss"]
[EventRounds "9"]
[EventCountry "RUS"]
[SourceTitle "CBM 146 Extra"]
[Source "ChessBase"]
[SourceDate "2012.02.29"]
[SourceVersion "1"]
[SourceVersionDate "2012.02.29"]
[SourceQuality "1"]

1. e4 e6 2. d4 d5 3. Nc3 Bb4 4. e5 Ne7 5. a3 Bxc3+ 6. bxc3 c5 7. a4 b6 8. Bb5+ Bd7 9. Bd3 Qc7 10. Nf3 Nbc6 11. 0-0 h6 12. Kh1 cxd4 13. cxd4 Nb4 14. Ba3 Qc3 15. Qb1 Nxd3 16. cxd3 Nc6 17. Bd6 Qa5 18. Qb5 Qxb5 19. axb5 Na5 20. Rab1 f5 21. Rfc1 Kf7 22. Rc7 Rhd8 23. h4 g6 24. Kh2 Ke8 25. Rbc1 Rdc8 26. Rxc8+ Rxc8 27. Rb1 Rc3 28. Ne1 Rb3 29. Rc1 Rxb5 30. Nc2 Nc6 31. Ra1 Rb2 32. Rc1 Rb3 33. Rd1 a5 0-1

[Event "Benidorm op U2300 10th"]
[Site "Benidorm"]
[Date "2011.12.07"]
[Round "7"]
[White "Inants, Aghasi"]
[Black "Vaarala, Eric"]
[Result "1-0"]
[WhiteElo "2288"]
[BlackElo "2226"]
[PlyCount "85"]
[EventDate "2011.12.02"]
[EventType "swiss"]
[EventRounds "10"]
[EventCountry "ESP"]
[SourceTitle "CBM 145 Extra"]
[Source "ChessBase"]
[SourceDate "2012.01.03"]
[SourceVersion "1"]
[SourceVersionDate "2012.01.03"]
[SourceQuality "1"]

1. e4 e6 2. d4 d5 3. Nc3 dxe4 4. Nxe4 Nf6 5. Nxf6+ Qxf6 6. Nf3 h6 7. Bd3 Bd6 8. 0-0 Bd7 9. Re1 Nc6 10. Be4 0-0-0 11. c4 g5 12. c5 g4 13. cxd6 gxf3 14. dxc7 Rdg8 15. g3 h5 16. Be3 h4 17. Qxf3 Qxf3 18. Bxf3 hxg3 19. fxg3 Nb4 20. Re2 Kxc7 21. Bf4+ Kc8 22. Rc1+ Bc6 23. Bxc6 Nxc6 24. d5 exd5 25. Re7 Rh4 26. Rxf7 Kd8 27. Rxb7 Rxf4 28. Rxc6 Rg5 29. Rh6 Kc8 30. Rxa7 Kb8 31. Rd7 Rf8 32. Rhd6 Rgf5 33. Rd8+ Rxd8 34. Rxd8+ Kc7 35. Re8 Kd6 36. h4 d4 37. Kg2 Kc5 38. g4 Rf4 39. Kg3 Rf1 40. h5 d3 41. Rd8 Kc4 42. h6 Rg1+ 43. Kf2 1-0

[Event "Benidorm op U2300 10th"]
[Site "Benidorm"]
[Date "2011.12.06"]
[Round "6"]
[White "Tscharotschkin, Michael"]
[Black "Inants, Aghasi"]
[Result "0-1"]
[WhiteElo "2202"]
[BlackElo "2288"]
[PlyCount "64"]
[EventDate "2011.12.02"]
[EventType "swiss"]
[EventRounds "10"]
[EventCountry "ESP"]
[SourceTitle "CBM 145 Extra"]
[Source "ChessBase"]
[SourceDate "2012.01.03"]
[SourceVersion "1"]
[SourceVersionDate "2012.01.03"]
[SourceQuality "1"]

1. e4 c5 2. c3 Nf6 3. e5 Nd5 4. d4 cxd4 5. cxd4 e6 6. Nf3 b6 7. Nc3 Nxc3 8. bxc3 Qc7 9. Bd2 Bb7 10. Bd3 d6 11. 0-0 Nd7 12. Ng5 dxe5 13. Qh5 g6 14. Qh3 Be7 15. Rae1 Bd5 16. c4 Bxc4 17. Rc1 b5 18. Qf3 0-0 19. Nxf7 exd4 20. Nh6+ Kg7 21. Qh3 Ne5 22. Be4 Rac8 23. f4 Nf7 24. f5 Ng5 25. Qg4 Nxe4 26. Qxe4 exf5 27. Nxf5+ gxf5 28. Rxf5 Rxf5 29. Qxf5 Rf8 30. Qg4+ Kh8 31. Re1 Qe5 32. h4 Qf6 0-1

[Event "Benidorm op U2300 10th"]
[Site "Benidorm"]
[Date "2011.12.04"]
[Round "3"]
[White "Inants, Aghasi"]
[Black "Accattato Martin, Mario"]
[Result "0-1"]
[WhiteElo "2288"]
[BlackElo "2185"]
[PlyCount "94"]
[EventDate "2011.12.02"]
[EventType "swiss"]
[EventRounds "10"]
[EventCountry "ESP"]
[SourceTitle "CBM 145 Extra"]
[Source "ChessBase"]
[SourceDate "2012.01.03"]
[SourceVersion "1"]
[SourceVersionDate "2012.01.03"]
[SourceQuality "1"]

1. e4 d6 2. d4 Nf6 3. Nc3 e5 4. dxe5 dxe5 5. Qxd8+ Kxd8 6. Bg5 Bd6 7. 0-0-0 h6 8. Bxf6+ gxf6 9. Nb5 Ke7 10. Rxd6 cxd6 11. Nc7 Be6 12. Nxa8 Rc8 13. Nb6 axb6 14. b3 Nc6 15. Kb2 f5 16. Bd3 fxe4 17. Bxe4 d5 18. Bf3 Nb4 19. Bd1 Bf5 20. Nf3 f6 21. Ne1 d4 22. g3 Rc3 23. a3 Nd5 24. Ng2 Be4 25. Rg1 Kd6 26. Ne1 b5 27. Be2 b4 28. a4 Bg6 29. Nd3 e4 30. Nf4 Nxf4 31. gxf4 Bf5 32. Bd1 Rh3 33. Rg7 Rxh2 34. Rxb7 Rxf2 35. Rxb4 d3 36. Kc3 e3 37. cxd3 e2 38. Bxe2 Rxe2 39. a5 Kc7 40. Rb5 Bg4 41. f5 h5 42. Rb6 h4 43. Rxf6 h3 44. Rf7+ Kd6 45. f6 h2 46. Rh7 Bf3 47. f7 Ke7 0-1

[Event "Vilnius op"]
[Site "Vilnius"]
[Date "2011.11.20"]
[Round "2"]
[White "Inants, Aghasi"]
[Black "Kuciel, Wladyslaw"]
[Result "1-0"]
[WhiteElo "2288"]
[BlackElo "1995"]
[PlyCount "77"]
[EventDate "2011.11.19"]
[EventType "swiss"]
[EventRounds "9"]
[EventCountry "LTU"]
[SourceTitle "CBM 145 Extra"]
[Source "ChessBase"]
[SourceDate "2012.01.03"]
[SourceVersion "1"]
[SourceVersionDate "2012.01.03"]
[SourceQuality "1"]

1. e4 c5 2. Nf3 d6 3. d4 cxd4 4. Nxd4 Nf6 5. f3 e5 6. Bb5+ Nbd7 7. Nf5 d5 8. Ba4 b5 9. Bb3 Nc5 10. Bg5 Nxb3 11. axb3 g6 12. Bxf6 Qxf6 13. Qxd5 Bb4+ 14. c3 0-0 15. Qxa8 Bxf5 16. Qxa7 Rc8 17. Qe3 Bc5 18. Qe2 Qg5 19. Nd2 Be6 20. g3 Rd8 21. b4 Be3 22. Rd1 Ra8 23. Nf1 Ba7 24. h4 Qf6 25. Nd2 Bd7 26. Nb3 Be6 27. Nc5 Bc4 28. Qe3 Kg7 29. Rh2 Bb3 30. Rc1 Rc8 31. Qg5 Qxf3 32. Rf2 Qh1+ 33. Rf1 Qg2 34. Qxe5+ Kf8 35. Nxb3 Re8 36. Qh8+ Ke7 37. Qf6+ Kd7 38. Rd1+ Kc7 39. Qd6+ 1-0

[Event "Budapest FS11 GM"]
[Site "Budapest"]
[Date "2011.11.08"]
[Round "4"]
[White "Ilincic, Zlatko"]
[Black "Inants, Aghasi"]
[Result "1-0"]
[WhiteElo "2447"]
[BlackElo "2288"]
[PlyCount "71"]
[EventDate "2011.11.05"]
[EventType "tourn"]
[EventRounds "14"]
[EventCountry "HUN"]
[EventCategory "8"]
[SourceTitle "EXT 2012"]
[Source "ChessBase"]
[SourceDate "2011.11.24"]
[SourceVersion "1"]
[SourceVersionDate "2011.11.24"]
[SourceQuality "1"]

1. d4 Nf6 2. c4 e6 3. Nf3 d5 4. g3 Bb4+ 5. Bd2 Be7 6. Qc2 0-0 7. Bg2 Nbd7 8. 0-0 c6 9. b4 b6 10. a4 Ne4 11. Be1 a5 12. b5 Bb7 13. bxc6 Bxc6 14. cxd5 Bxd5 15. Nfd2 Nxd2 16. Nxd2 Bxg2 17. Kxg2 Nf6 18. Nf3 Qd5 19. Bd2 Ne4 20. Rfc1 Rfd8 21. Be3 Rab8 22. Qc6 f6 23. Bf4 Rb7 24. h4 Kf7 25. Rc2 b5 26. axb5 Rxb5 27. Qxd5 Rdxd5 28. Rc7 Kf8 29. Ra7 Rb2 30. Rc1 Bd8 31. Ng1 Rxd4 32. Rc8 e5 33. Be3 Rd5 34. f3 Nd2 35. Bc5+ Kg8 36. Be7 1-0

[Event "Budapest FS11 GM"]
[Site "Budapest"]
[Date "2011.11.07"]
[Round "3"]
[White "Inants, Aghasi"]
[Black "Czebe, Attila"]
[Result "1/2-1/2"]
[WhiteElo "2288"]
[BlackElo "2503"]
[PlyCount "48"]
[EventDate "2011.11.05"]
[EventType "tourn"]
[EventRounds "14"]
[EventCountry "HUN"]
[EventCategory "8"]
[SourceTitle "EXT 2012"]
[Source "ChessBase"]
[SourceDate "2011.11.24"]
[SourceVersion "1"]
[SourceVersionDate "2011.11.24"]
[SourceQuality "1"]

1. d4 Nf6 2. c4 d6 3. Nc3 g6 4. e4 Bg7 5. Nf3 0-0 6. Be2 c6 7. 0-0 a6 8. Rb1 b5 9. b4 Bg4 10. cxb5 axb5 11. d5 cxd5 12. exd5 Qb6 13. Be3 Qb7 14. Bd4 Rc8 15. h3 Bxf3 16. Bxf3 Ne8 17. Bxg7 Nxg7 18. Qd2 Na6 19. Be2 Nc7 20. Rbc1 Nge8 21. Bg4 Rd8 22. Rfe1 Na6 23. Qe2 Nf6 24. Bf3 Nxb4 1/2-1/2

[Event "Los Angeles Metropolitan 7th"]
[Site "Los Angeles"]
[Date "2011.06.18"]
[Round "7"]
[White "Inants, Aghasi"]
[Black "Sevian, Samuel"]
[Result "1/2-1/2"]
[WhiteElo "2290"]
[BlackElo "2168"]
[PlyCount "42"]
[EventDate "2011.06.15"]
[EventType "tourn"]
[EventRounds "9"]
[EventCountry "USA"]
[EventCategory "2"]
[SourceTitle "CBM 143 Extra"]
[Source "ChessBase"]
[SourceDate "2011.08.29"]
[SourceVersion "1"]
[SourceVersionDate "2011.08.29"]
[SourceQuality "1"]

1. d4 d5 2. c4 c6 3. cxd5 cxd5 4. Nc3 Nc6 5. Nf3 Nf6 6. Bf4 Bf5 7. e3 e6 8. Bd3 Bxd3 9. Qxd3 Bd6 10. Bxd6 Qxd6 11. 0-0 0-0 12. Rac1 Rac8 13. h3 a6 14. Ne2 b5 15. Rfd1 Ne7 16. Rxc8 Rxc8 17. Rc1 Rxc1+ 18. Nxc1 Qc6 19. Ne2 Nd7 20. Qc3 Qc4 21. Qxc4 bxc4 1/2-1/2

[Event "Los Angeles Metropolitan 7th"]
[Site "Los Angeles"]
[Date "2011.06.16"]
[Round "2"]
[White "Inants, Aghasi"]
[Black "Amanov, Zhanibek"]
[Result "0-1"]
[WhiteElo "2290"]
[BlackElo "2364"]
[PlyCount "62"]
[EventDate "2011.06.15"]
[EventType "tourn"]
[EventRounds "9"]
[EventCountry "USA"]
[EventCategory "2"]
[SourceTitle "CBM 143 Extra"]
[Source "ChessBase"]
[SourceDate "2011.08.29"]
[SourceVersion "1"]
[SourceVersionDate "2011.08.29"]
[SourceQuality "1"]

1. e4 c5 2. Nf3 g6 3. c3 Bg7 4. d4 cxd4 5. cxd4 d5 6. exd5 Nf6 7. Nc3 Nxd5 8. Bc4 Nb6 9. Bb3 Nc6 10. Be3 0-0 11. 0-0 Na5 12. Bc2 Nac4 13. Qe2 Bg4 14. Bb3 Na5 15. h3 Nxb3 16. axb3 Be6 17. Ra3 a6 18. Ng5 Bd5 19. Nxd5 Nxd5 20. Ne4 e6 21. Nc5 Qe7 22. Ra4 Rfd8 23. Rd1 Rac8 24. b4 Rc6 25. Rd3 Rdc8 26. Bd2 b6 27. Nxa6 Rc2 28. Qd1 Rxb2 29. Rb3 Rxb3 30. Qxb3 Bxd4 31. b5 Qf6 0-1

[Event "Benidorm op U2300 09th"]
[Site "Benidorm"]
[Date "2010.12.07"]
[Round "6"]
[White "Inants, Aghasi"]
[Black "Turcu, Iulian"]
[Result "0-1"]
[WhiteElo "2246"]
[BlackElo "2177"]
[PlyCount "44"]
[EventDate "2010.12.03"]
[EventType "swiss"]
[EventRounds "10"]
[EventCountry "ESP"]
[SourceTitle "CBM 139 Extra"]
[Source "ChessBase"]
[SourceDate "2011.01.05"]
[SourceVersion "1"]
[SourceVersionDate "2011.01.05"]
[SourceQuality "1"]

1. e4 Nf6 2. e5 Nd5 3. d4 d6 4. c4 Nb6 5. exd6 exd6 6. Nc3 Be7 7. Bd3 0-0 8. Nge2 Bg4 9. 0-0 Bxe2 10. Qxe2 Nc6 11. Nd5 Nxd5 12. cxd5 Nb4 13. Be4 Bf6 14. a3 Na6 15. Qd3 g6 16. f4 Qd7 17. f5 Qa4 18. Bf4 Rae8 19. b3 Nc5 20. Qc4 Rxe4 21. bxa4 Bxd4+ 22. Kh1 Bxa1 0-1

[Event "Benidorm op U2300 09th"]
[Site "Benidorm"]
[Date "2010.12.04"]
[Round "2"]
[White "Inants, Aghasi"]
[Black "Tejero Royo, Fermin"]
[Result "1/2-1/2"]
[WhiteElo "2246"]
[BlackElo "2131"]
[PlyCount "88"]
[EventDate "2010.12.03"]
[EventType "swiss"]
[EventRounds "10"]
[EventCountry "ESP"]
[SourceTitle "CBM 139 Extra"]
[Source "ChessBase"]
[SourceDate "2011.01.05"]
[SourceVersion "1"]
[SourceVersionDate "2011.01.05"]
[SourceQuality "1"]

1. c4 e5 2. Nc3 Nf6 3. g3 d6 4. Bg2 c6 5. e3 g6 6. Nge2 Bg7 7. 0-0 0-0 8. Rb1 Be6 9. d3 Nbd7 10. b4 Qc7 11. Bb2 Nh5 12. b5 f5 13. f4 Nhf6 14. Qd2 Rfe8 15. Rfc1 Bf7 16. a4 Nc5 17. Ba3 Rad8 18. d4 exd4 19. exd4 Nce4 20. Qd3 Qd7 21. a5 d5 22. cxd5 Nxc3 23. Nxc3 Nxd5 24. bxc6 bxc6 25. Bc5 Re3 26. Qd2 Rde8 27. Nxd5 Bxd5 28. Rb8 Bxg2 29. Qxe3 Rxb8 30. Kxg2 h5 31. Re1 Qd5+ 32. Kh3 Kh7 33. Bxa7 Rb2 34. Re2 Rxe2 35. Qxe2 Qxa5 36. Bb8 Qd8 37. Be5 Bf8 38. Qa2 Qd5 39. Qa7+ Kg8 40. Kh4 Qd8+ 41. Kh3 Qd5 42. Qa4 Qf3 43. Qa6 Be7 44. Qa2+ Kf8 1/2-1/2

[Event "Chigorin Memorial 18th"]
[Site "St Petersburg"]
[Date "2010.11.03"]
[Round "7"]
[White "Inants, Aghasi"]
[Black "Hamitevici, Vladimir"]
[Result "1-0"]
[WhiteElo "2281"]
[BlackElo "2415"]
[PlyCount "83"]
[EventDate "2010.10.28"]
[EventType "swiss"]
[EventRounds "9"]
[EventCountry "RUS"]
[SourceTitle "EXT 2011"]
[Source "ChessBase"]
[SourceDate "2010.11.26"]
[SourceVersion "1"]
[SourceVersionDate "2010.11.26"]
[SourceQuality "1"]

1. e4 c5 2. Nf3 d6 3. d4 cxd4 4. Nxd4 Nf6 5. f3 e5 6. Bb5+ Bd7 7. Bxd7+ Qxd7 8. Nf5 d5 9. Bg5 Nc6 10. Bxf6 gxf6 11. Qxd5 Qxd5 12. exd5 Nb4 13. Na3 0-0-0 14. c4 Nd3+ 15. Ke2 Nxb2 16. Nb1 Kb8 17. Nd2 Rc8 18. Rac1 Bb4 19. Rc2 Na4 20. Ne4 Nb6 21. Rb1 Nxd5 22. cxd5 Rxc2+ 23. Kd3 Rxg2 24. Rxb4 Rd8 25. d6 Rxh2 26. Nxf6 Rxa2 27. Ke4 a5 28. Rb5 a4 29. Nd5 a3 30. Ra5 Ra1 31. Nb6 Rxd6 32. Nxd6 a2 33. Kf5 Kc7 34. Nbc4 h5 35. Nb5+ Kd8 36. Nxe5 Ke7 37. Nc3 f6 38. Ng6+ Kf7 39. Rxa2 Rg1 40. Nf4 Rg5+ 41. Ke4 Re5+ 42. Kd4 1-0

[Event "Chigorin Memorial 18th"]
[Site "St Petersburg"]
[Date "2010.11.02"]
[Round "6"]
[White "Sorokina, Anastasia1111"]
[Black "Inants, Aghasi"]
[Result "0-1"]
[WhiteElo "2094"]
[BlackElo "2281"]
[PlyCount "88"]
[EventDate "2010.10.28"]
[EventType "swiss"]
[EventRounds "9"]
[EventCountry "RUS"]
[SourceTitle "EXT 2011"]
[Source "ChessBase"]
[SourceDate "2010.11.26"]
[SourceVersion "1"]
[SourceVersionDate "2010.11.26"]
[SourceQuality "1"]

1. d4 Nf6 2. c4 e6 3. Nf3 c5 4. g3 b6 5. Bg2 Bb7 6. 0-0 cxd4 7. Qxd4 Be7 8. Nc3 0-0 9. Bf4 d6 10. Qd2 e5 11. Bg5 Ne4 12. Nxe4 Bxe4 13. Bxe7 Qxe7 14. Rfd1 Rd8 15. Qe3 Bb7 16. Rd2 Nd7 17. Rad1 Nf6 18. Nh4 Bxg2 19. Nxg2 Qe6 20. Qb3 h5 21. Qb4 Rac8 22. Rxd6 Rxd6 23. Qxd6 Qxc4 24. Qxe5 Re8 25. Qf4 Qc2 26. Qd4 Rxe2 27. Re1 Rd2 28. Qf4 Qxb2 29. Ne3 Rd7 30. Nf5 g6 31. Rc1 Qd2 32. Rc8+ Kh7 33. Ne3 Nd5 34. Nxd5 Qd1+ 35. Kg2 Qxd5+ 36. Kg1 Qd1+ 37. Kg2 Qd5+ 38. Kg1 Re7 39. Rh8+ Kxh8 40. Qf6+ Kh7 41. Qxe7 Qxa2 42. Qb7 Kg7 43. Qc7 Qa1+ 44. Kg2 b5 0-1

[Event "Chigorin Memorial 18th"]
[Site "St Petersburg"]
[Date "2010.10.31"]
[Round "4"]
[White "Safronov, Kirill"]
[Black "Inants, Aghasi"]
[Result "0-1"]
[WhiteElo "1853"]
[BlackElo "2281"]
[PlyCount "82"]
[EventDate "2010.10.28"]
[EventType "swiss"]
[EventRounds "9"]
[EventCountry "RUS"]
[SourceTitle "EXT 2011"]
[Source "ChessBase"]
[SourceDate "2010.11.26"]
[SourceVersion "1"]
[SourceVersionDate "2010.11.26"]
[SourceQuality "1"]

1. e4 c5 2. Nf3 e6 3. d4 cxd4 4. Nxd4 a6 5. Bd3 Nf6 6. 0-0 d6 7. c4 Nbd7 8. Nc3 b6 9. Be3 Bb7 10. f3 Rc8 11. Rc1 Be7 12. b3 0-0 13. Bb1 Qc7 14. Nce2 Qb8 15. Qd2 Bd8 16. Ng3 Bc7 17. Nde2 Rfe8 18. Bf2 d5 19. Be3 dxe4 20. fxe4 Rcd8 21. Qb2 Nc5 22. Bg5 Be5 23. Qc2 Ncxe4 24. Rxf6 Nxg5 25. Rff1 f5 26. Rcd1 Qc7 27. Qc1 Qc5+ 28. Rf2 h6 29. h4 Ne4 30. Nxe4 fxe4 31. Rdf1 Rf8 32. Kh1 Rxf2 33. Rxf2 Rd1+ 34. Qxd1 Qxf2 35. Qd8+ Kh7 36. Qd1 Qxh4+ 37. Kg1 Kg8 38. Kf1 e3 39. Ng3 Bxg3 40. Qc2 Qh1+ 41. Ke2 Qxg2+ 0-1

[Event "Kalamaria op 7th"]
[Site "Kalamaria"]
[Date "2010.08.29"]
[Round "6"]
[White "Inants, Aghasi"]
[Black "Argiroudis, Stamatis"]
[Result "0-1"]
[WhiteElo "2275"]
[BlackElo "2315"]
[PlyCount "78"]
[EventDate "2010.08.25"]
[EventType "swiss"]
[EventRounds "9"]
[EventCountry "GRE"]
[SourceTitle "CBM 138 Extra"]
[Source "ChessBase"]
[SourceDate "2010.10.29"]
[SourceVersion "1"]
[SourceVersionDate "2010.10.29"]
[SourceQuality "1"]

1. e4 c6 2. d4 d5 3. Nc3 dxe4 4. Nxe4 Bf5 5. Ng3 Bg6 6. Bc4 e6 7. N1e2 Bd6 8. Nf4 Bxf4 9. Bxf4 Nf6 10. Qe2 0-0 11. 0-0 Qxd4 12. Be5 Qh4 13. Bd6 Re8 14. f4 Nbd7 15. Rad1 Nb6 16. Bb3 Nbd5 17. Bxd5 exd5 18. Qf3 Bxc2 19. Rde1 Be4 20. Qa3 Nh5 21. Re3 Nxg3 22. Rxg3 Bf5 23. Rg5 f6 24. Rg3 Qh5 25. Qb3 Qf7 26. Qc3 Re6 27. Ba3 Rae8 28. b4 h5 29. h4 Bg4 30. Bc1 Re4 31. Qc5 Qe7 32. Ra3 a6 33. Qxe7 R8xe7 34. Rb3 Rc4 35. Rb2 Re2 36. Rxe2 Bxe2 37. Re1 Rc2 38. a4 d4 39. Kf2 Bd1+ 0-1

[Event "Kalamaria op 7th"]
[Site "Kalamaria"]
[Date "2010.08.26"]
[Round "2"]
[White "Inants, Aghasi"]
[Black "Atalik, Suat"]
[Result "0-1"]
[WhiteElo "2275"]
[BlackElo "2607"]
[PlyCount "78"]
[EventDate "2010.08.25"]
[EventType "swiss"]
[EventRounds "9"]
[EventCountry "GRE"]
[SourceTitle "CBM 138 Extra"]
[Source "ChessBase"]
[SourceDate "2010.10.29"]
[SourceVersion "1"]
[SourceVersionDate "2010.10.29"]
[SourceQuality "1"]

1. e4 c5 2. Nf3 d6 3. d4 cxd4 4. Nxd4 Nf6 5. Nc3 a6 6. Bg5 Nbd7 7. f4 Qc7 8. Qf3 h6 9. Bxf6 Nxf6 10. Be2 e5 11. Nb3 Be7 12. 0-0-0 b5 13. Kb1 Bb7 14. f5 Rc8 15. Bd3 Qb6 16. Nd5 Bxd5 17. exd5 a5 18. Nd2 h5 19. g3 Rc5 20. Ne4 Nxe4 21. Bxe4 b4 22. Rd3 h4 23. g4 Bg5 24. Rf1 f6 25. a4 Ke7 26. h3 Rhc8 27. Rf2 Rc4 28. Rg2 Qc5 29. Qe2 Kf8 30. b3 Rc3 31. Kb2 Kg8 32. Qf2 Be3 33. Qe2 Rxd3 34. Qxd3 Qc3+ 35. Qxc3 Rxc3 36. Bd3 Bd4 37. Kc1 e4 38. Bxe4 Re3 39. Bd3 Re1+ 0-1

[Event "Pan-Armenian ol"]
[Site "Yerevan"]
[Date "2010.08.21"]
[Round "7"]
[White "Pogosian, Manvel"]
[Black "Inants, Aghasi"]
[Result "1-0"]
[WhiteElo "2364"]
[BlackElo "2275"]
[PlyCount "101"]
[EventDate "2010.08.15"]
[EventType "swiss"]
[EventRounds "9"]
[EventCountry "ARM"]
[SourceTitle "CBM 138 Extra"]
[Source "ChessBase"]
[SourceDate "2010.10.29"]
[SourceVersion "1"]
[SourceVersionDate "2010.10.29"]
[SourceQuality "1"]

1. d4 d5 2. c4 c6 3. Nc3 Nf6 4. Nf3 e6 5. e3 Nbd7 6. Bd3 dxc4 7. Bxc4 b5 8. Bd3 Bb7 9. a4 b4 10. Nb1 a5 11. 0-0 c5 12. Nbd2 cxd4 13. exd4 Bd6 14. Nc4 Bc7 15. Bg5 0-0 16. Re1 Nb6 17. Nce5 Qd6 18. Rc1 Nfd5 19. Bh4 f6 20. Bb5 g5 21. Nxg5 fxg5 22. Bxg5 Bd8 23. Bh6 Bf6 24. Qh5 Qe7 25. Re4 Bxe5 26. Rg4+ Kh8 27. Qxe5+ Rf6 28. Bg7+ Qxg7 29. Rxg7 Kxg7 30. Rc7+ Nxc7 31. Qxc7+ Rf7 32. Qxb6 Bd5 33. f3 Rb7 34. Qd6 Raa7 35. h4 Rc7 36. Qe5+ Kg8 37. Kh2 Rab7 38. Bd3 b3 39. Qg5+ Kf8 40. Qf6+ Kg8 41. Qg5+ Kf8 42. h5 Rc2 43. h6 Rxb2 44. Qd8+ Kf7 45. Bxh7 Bxf3 46. Qg8+ Kf6 47. Qg6+ Ke7 48. Qg7+ Kd6 49. Qg3+ e5 50. Qxe5+ Kd7 51. Qf5+ 1-0

[Event "Pan-Armenian ol"]
[Site "Yerevan"]
[Date "2010.08.18"]
[Round "4"]
[White "Seferjan, Narek"]
[Black "Inants, Aghasi"]
[Result "1/2-1/2"]
[WhiteElo "2441"]
[BlackElo "2275"]
[PlyCount "34"]
[EventDate "2010.08.15"]
[EventType "swiss"]
[EventRounds "9"]
[EventCountry "ARM"]
[SourceTitle "CBM 138 Extra"]
[Source "ChessBase"]
[SourceDate "2010.10.29"]
[SourceVersion "1"]
[SourceVersionDate "2010.10.29"]
[SourceQuality "1"]

1. e4 c5 2. c3 Nf6 3. e5 Nd5 4. d4 cxd4 5. Nf3 e6 6. cxd4 b6 7. Bd3 d6 8. 0-0 Nd7 9. a3 dxe5 10. Nxe5 Bd6 11. f4 Bb7 12. Qe2 0-0 13. Nd2 Bc7 14. Ne4 f6 15. Nxd7 Qxd7 16. Nc3 Rad8 17. Nxd5 Bxd5 1/2-1/2

[Event "Pan-Armenian ol"]
[Site "Yerevan"]
[Date "2010.08.16"]
[Round "2"]
[White "Proudian, Armen"]
[Black "Inants, Aghasi"]
[Result "1/2-1/2"]
[WhiteElo "2076"]
[BlackElo "2275"]
[PlyCount "86"]
[EventDate "2010.08.15"]
[EventType "swiss"]
[EventRounds "9"]
[EventCountry "ARM"]
[SourceTitle "CBM 138 Extra"]
[Source "ChessBase"]
[SourceDate "2010.10.29"]
[SourceVersion "1"]
[SourceVersionDate "2010.10.29"]
[SourceQuality "1"]

1. e4 c5 2. Nf3 e6 3. d4 cxd4 4. Nxd4 a6 5. Nc3 b5 6. Bd3 Bb7 7. 0-0 d6 8. a4 b4 9. Na2 Nf6 10. Re1 Be7 11. Bd2 a5 12. Bb5+ Nbd7 13. Nc6 Qc7 14. Nxe7 Kxe7 15. c3 b3 16. Nc1 Nxe4 17. Nxb3 Nxd2 18. Qxd2 Rhd8 19. Nd4 Qc5 20. Bxd7 Rxd7 21. Qf4 Qd5 22. Nf3 Qh5 23. Re3 Kf8 24. Rxe6 Bxf3 25. gxf3 Kg8 26. Re2 Qg6+ 27. Qg4 Rb7 28. Qxg6 hxg6 29. Rd1 Rab8 30. Rxd6 Rxb2 31. Rxb2 Rxb2 32. Rd5 Rb3 33. Rc5 Ra3 34. Rc8+ Kh7 35. Rc4 g5 36. Kg2 Kg6 37. Kg3 Kf5 38. Rc5+ Kf6 39. Rxa5 Rxc3 40. Rb5 Rc4 41. a5 Ra4 42. Rb6+ Kf5 43. a6 f6 1/2-1/2

[Event "Voronezh op-A 14th"]
[Site "Voronezh"]
[Date "2010.06.21"]
[Round "9"]
[White "Schepetkova, Margarita"]
[Black "Inants, Aghasi"]
[Result "1-0"]
[WhiteElo "2189"]
[BlackElo "2259"]
[PlyCount "45"]
[EventDate "2010.06.12"]
[EventType "swiss"]
[EventRounds "9"]
[EventCountry "RUS"]
[SourceTitle "CBM 137 Extra"]
[Source "ChessBase"]
[SourceDate "2010.09.01"]
[SourceVersion "1"]
[SourceVersionDate "2010.09.01"]
[SourceQuality "1"]

1. e4 Nc6 2. Nf3 d6 3. d4 Nf6 4. Nbd2 Bg4 5. c3 e6 6. Bd3 Be7 7. 0-0 0-0 8. Re1 d5 9. e5 Ne8 10. b4 g6 11. h3 Bf5 12. Bxf5 gxf5 13. Nf1 f6 14. Ng3 Qd7 15. Bh6 Ng7 16. Qd2 Rae8 17. Bxg7 Kxg7 18. Nh5+ Kh8 19. Qh6 Rg8 20. Nxf6 Bxf6 21. exf6 Rg6 22. Qh4 Rf8 23. b5 1-0